Normal view
MARC view
- Nayyab, Laiba
Entry Personal Name
001 - CONTROL NUMBER
- control field: 130626
003 - CONTROL NUMBER IDENTIFIER
- control field: NUST
005 - DATE AND TIME OF LATEST TRANSACTION
- control field: 20250923121917.0
008 - FIXED-LENGTH DATA ELEMENTS
- fixed length control field: 250923|| aca||aabn | a|a d
040 ## - CATALOGING SOURCE
- Original cataloging agency: NUST
- Transcribing agency: NUST
100 ## - HEADING--PERSONAL NAME
- Personal name: Nayyab, Laiba
670 ## - SOURCE DATA FOUND
- Source citation: Work cat.: (NUST): Nayyab, Laiba, Shifting Paradigms: Exploring the Socio-Economic Effect of Women led Home Based Entrepreneurship on Empowering Women in Pakistan/
